000 00275nam a22001337a 4500
008 170728b xxu||||| |||| 00| 0 eng d
020 _a9780789547231
041 _aeng
080 _a004
100 _a31
101 _aSHK
245 _aHTML
_cSHELLY.G.B
942 _2udc
_cBK
999 _c22116
_d22116